Estudios médicos / (Record no. 162724)
[ view plain ]
| 000 -LEADER | |
|---|---|
| campo de control de longitud fija | 01264nam a2200253 i 4500 |
| 001 - NÚMERO DE CONTROL | |
| campo de control | 162724 |
| 003 - IDENTIFICADOR DE NÚMERO DE CONTROL | |
| campo de control | ES-MaACL |
| 005 - FECHA Y HORA DE LA ÚLTIMA TRANSACCIÓN | |
| campo de control | 20230906212604.0 |
| 008 - DATOS DE LONGITUD FIJA--INFORMACIÓN GENERAL | |
| campo de control de longitud fija | 011019s1889 sp |||| | spa d |
| 100 1# - ENTRADA PRINCIPAL--NOMBRE DE PERSONA | |
| Nombre de persona | Pulido, Ángel, |
| Fechas asociadas al nombre | 1852-1932 |
| 9 (RLIN) | 149324 |
| 245 10 - MENCIÓN DEL TÍTULO | |
| Título | Estudios médicos / |
| Mención de responsabilidad, etc. | Ángel Pulido. |
| 260 ## - PUBLICACIÓN, DISTRIBUCIÓN, ETC. | |
| Lugar de publicación, distribución, etc. | Madrid : |
| Nombre del editor, distribuidor, etc. | [s.n.], |
| Fecha de publicación, distribución, etc. | 1889 ( |
| Fabricante | Imp. de Enrique Teodoro) |
| 300 ## - DESCRIPCIÓN FÍSICA | |
| Extensión | 221 p. ; |
| Dimensiones | 21 cm. |
| 505 8# - NOTA DE CONTENIDO CON FORMATO | |
| Nota de contenido con formato | Contiene: Las grandes conquistas de la medicina, p. 1-51 ; La inmunidad en el cólera, p. 53-102 ; El hipnotismo y su empleo médico, p. 103-115 ; Higiene urbana con aplicación a Madrid, p. 117-151 ; Las oftalmías en los asilos provinciales, p. 153-184 ; De la talla hipogástrica, p. 185-221 |
| 530 ## - NOTA DISPONIBLE DE FORMULARIO FÍSICO ADICIONAL | |
| Nota de formato físico adicional disponible | Disponible en formato digital. |
| 650 ## - PUNTO DE ACCESO ADICIONAL DE MATERIA--TÉRMINO DE MATERIA | |
| Término de materia o nombre geográfico como elemento de entrada | Cólera- |
| Subdivisión general | Prevención. |
| 9 (RLIN) | 139264 |
| 650 04 - PUNTO DE ACCESO ADICIONAL DE MATERIA--TÉRMINO DE MATERIA | |
| Término de materia o nombre geográfico como elemento de entrada | Hipnosis. |
| 9 (RLIN) | 13363 |
| 650 #4 - PUNTO DE ACCESO ADICIONAL DE MATERIA--TÉRMINO DE MATERIA | |
| Término de materia o nombre geográfico como elemento de entrada | Salubridad pública- |
| Subdivisión geográfica | Madrid. |
| 9 (RLIN) | 149892 |
| 650 #4 - PUNTO DE ACCESO ADICIONAL DE MATERIA--TÉRMINO DE MATERIA | |
| Término de materia o nombre geográfico como elemento de entrada | Ojos- |
| Subdivisión general | Enfermedades. |
| 9 (RLIN) | 139434 |
| 650 #4 - PUNTO DE ACCESO ADICIONAL DE MATERIA--TÉRMINO DE MATERIA | |
| Término de materia o nombre geográfico como elemento de entrada | Urología- |
| Subdivisión general | Cirugía. |
| 9 (RLIN) | 146908 |
| 852 ## - LOCALIZACIÓN | |
| Ubicación | ES-MaACL |
| Número de control de estantería | T-853-F-5 |
| Nota libre | - Enc. hol., conservando la enc. original |
| -- | - Enc. en un vol. facticio |
| 856 ## - LOCALIZACIÓN Y ACCESO ELECTRÓNICOS | |
| Identificador Uniforme de Recursos | <a href="http://bibliotecavirtual.ranm.es/ranm/i18n/consulta/registro.cmd?id=354">http://bibliotecavirtual.ranm.es/ranm/i18n/consulta/registro.cmd?id=354</a> |
| Nota pública | Biblioteca Virtual de la Real Academia Nacional de Medicina |
| Estatus retirado | Estado de pérdida | Estado de daño | No para préstamo | Colección | Biblioteca de origen | Biblioteca actual | Ubicación en estantería | Fecha de adquisición | Total de préstamos | Signatura topográfica completa | Código de barras | Visto por última vez | Precio de reemplazo | Tipo de ítem Koha |
|---|---|---|---|---|---|---|---|---|---|---|---|---|---|---|
| Colección de folletos | Biblioteca del Ateneo de Madrid | Biblioteca del Ateneo de Madrid | Depósito folletos | 17/01/2008 | T-853-F-5 | 1170482 | 23/02/2023 | 23/02/2023 | Folleto |
